|
|
|
|
| LEADER |
00000nam0a2200000 4500 |
| 001 |
300348 |
| 005 |
20231102001307.0 |
| 020 |
|
|
|a RU
|b 82-89131
|
| 035 |
|
|
|a (RuTPU)RU\TPU\book\325501
|
| 035 |
|
|
|a RU\TPU\book\325485
|
| 090 |
|
|
|a 300348
|
| 100 |
|
|
|a 20150709d1982 k y0rusy5003 ca
|
| 101 |
0 |
|
|a rus
|
| 102 |
|
|
|a RU
|
| 105 |
|
|
|a a z 101zy
|
| 200 |
1 |
|
|a Процессы и аппараты производства полимерных материалов, методы и оборудование для переработки их в изделия
|e тезисы докладов Всесоюзной научно-технической конференции, 21-23 дек. 1982 г., Москва
|f Московский институт химического машиностроения
|h Т. 2
|
| 210 |
|
|
|a Москва
|c [Б. и.]
|d 1982
|
| 215 |
|
|
|d 20 см
|a 180 с.
|c ил.
|
| 320 |
|
|
|a Библиография в конце статей
|
| 606 |
1 |
|
|a Полимеры
|x Производство
|2 stltpush
|3 (RuTPU)RU\TPU\subj\67386
|9 83210
|
| 610 |
1 |
|
|a полимерные материалы
|
| 610 |
1 |
|
|a переработка
|
| 610 |
1 |
|
|a полимерные изделия
|
| 610 |
1 |
|
|a получение
|
| 610 |
1 |
|
|a оборудование
|
| 610 |
1 |
|
|a теплообмен
|
| 610 |
1 |
|
|a массообмен
|
| 610 |
1 |
|
|a конференции
|
| 675 |
|
|
|a 678.02(063)
|z rus
|v 4
|
| 712 |
0 |
2 |
|a Московский институт химического машиностроения
|2 stltpush
|3 (RuTPU)RU\TPU\col\7881
|
| 712 |
1 |
2 |
|a Процессы и аппараты производства полимерных материалов, методы и оборудование для переработки их в изделия
|c конференция
|e Москва
|f 1982
|
| 801 |
|
0 |
|a RU
|b RuMRKP
|c 19950704
|g psbo
|
| 801 |
|
1 |
|a RU
|b 63413507
|c 20150709
|
| 801 |
|
2 |
|a RU
|b 63413507
|c 20190305
|g RCR
|
| 942 |
|
|
|c BK
|